Fr. Conceicao Rodrigues College of Engineering

The Complete Reference 3rd ed (Record no. 19992)

MARC details
000 -LEADER
fixed length control field 00309nam a2200133Ia 4500
082 ## - DEWEY DECIMAL CLASSIFICATION NUMBER
Classification number 005.13'C'
Item number SCH
100 ## - MAIN ENTRY--PERSONAL NAME
Personal name Schildt/ Herbert
245 ## - TITLE STATEMENT
Title The Complete Reference 3rd ed
260 ## - PUBLICATION, DISTRIBUTION, ETC.
Name of publisher, distributor, etc. Obsorne/ McGraw - Hill
Place of publication, distribution, etc. Berkeley
Date of publication, distribution, etc. 1995
546 ## - LANGUAGE NOTE
Language note ENGLISH
654 ## - SUBJECT ADDED ENTRY--FACETED TOPICAL TERMS
Focus term Computer
942 ## - ADDED ENTRY ELEMENTS (KOHA)
Koha item type BOOK
Holdings
Withdrawn status Lost status Damaged status Not for loan Collection Home library Current library Date acquired Total Checkouts Full call number Barcode Date last seen Price effective from Koha item type
        CRC Fr. Agnel's C.Rodrigues College of Engineering Fr. Agnel's C.Rodrigues College of Engineering 17/03/2023   005.13'C' SCH 8643 17/03/2023 17/03/2023 BOOK